[Event "EU-ch U16 Girls 24th"]
[Site "Batumi"]
[Date "2014.10.23"]
[Round "5"]
[White "Paramzina, Anastasya"]
[Black "Saumanaite, Skaiste"]
[Result "1-0"]
[WhiteElo "2051"]
[BlackElo "1793"]
[PlyCount "67"]
[EventDate "2014.10.19"]
[EventType "swiss"]
[EventRounds "9"]
[EventCountry "GEO"]
[SourceTitle "EXT 2015"]
[Source "ChessBase"]
[SourceDate "2014.11.20"]
[SourceVersion "1"]
[SourceVersionDate "2014.11.20"]
[SourceQuality "1"]

1. e4 c6 2. d4 d5 3. Nc3 g6 4. h3 Bg7 5. Nf3 dxe4 6. Nxe4 Nd7 7. Bc4 Ngf6 8. Nxf6+ Nxf6 9. 0-0 0-0 10. Ne5 Nd5 11. Re1 Be6 12. c3 Re8 13. h4 Qc8 14. h5 f6 15. Nd3 g5 16. Nc5 Bf7 17. Be2 e6 18. Ne4 Qd8 19. Qd3 h6 20. Qg3 e5 21. Bg4 exd4 22. cxd4 Nb4 23. Qc3 Nd5 24. Qc2 Nb4 25. Qd2 c5 26. a3 Na6 27. dxc5 Re5 28. Nd6 Rxe1+ 29. Qxe1 Nxc5 30. Nxf7 Kxf7 31. Be3 Nd3 32. Qc3 f5 33. Qb3+ Kf6 34. Rd1 1-0

[Event "EU-ch U16 Girls 24th"]
[Site "Batumi"]
[Date "2014.10.22"]
[Round "4"]
[White "Saumanaite, Skaiste"]
[Black "Pychova, Nela"]
[Result "1/2-1/2"]
[WhiteElo "1793"]
[BlackElo "1932"]
[PlyCount "53"]
[EventDate "2014.10.19"]
[EventType "swiss"]
[EventRounds "9"]
[EventCountry "GEO"]
[SourceTitle "EXT 2015"]
[Source "ChessBase"]
[SourceDate "2014.11.20"]
[SourceVersion "1"]
[SourceVersionDate "2014.11.20"]
[SourceQuality "1"]

1. d4 d5 2. Nf3 Nf6 3. c4 e6 4. g3 Be7 5. Bg2 0-0 6. 0-0 Nbd7 7. Qc2 c6 8. Rd1 Re8 9. b3 Qc7 10. Bb2 Ne4 11. Nc3 Ndf6 12. Ne5 Nxc3 13. Bxc3 Bd6 14. f4 Bd7 15. Qd3 Rad8 16. Rac1 Bc8 17. Qb1 Qe7 18. c5 Bc7 19. b4 Nd7 20. a4 f6 21. Nxd7 Bxd7 22. e4 Qf7 23. e5 f5 24. b5 Rb8 25. b6 axb6 26. cxb6 Bd8 27. a5 1/2-1/2

[Event "Palanga Baltija op-A"]
[Site "Palanga"]
[Date "2014.06.18"]
[Round "4"]
[White "Mikhailovskiy, Vladimir"]
[Black "Saumanaite, Skaiste"]
[Result "1-0"]
[WhiteElo "1898"]
[BlackElo "1809"]
[PlyCount "87"]
[EventDate "2014.06.16"]
[EventType "swiss"]
[EventRounds "9"]
[EventCountry "LTU"]
[SourceTitle "CBM 161 Extra"]
[Source "ChessBase"]
[SourceDate "2014.08.29"]
[SourceVersion "1"]
[SourceVersionDate "2014.08.29"]
[SourceQuality "1"]

1. e4 c5 2. d4 cxd4 3. c3 d3 4. Bxd3 Nc6 5. Nf3 d6 6. Qe2 g6 7. Bf4 Bg7 8. Nbd2 Nf6 9. h3 Bd7 10. Rd1 0-0 11. 0-0 h6 12. Qe3 Kh7 13. Bh2 Be8 14. Nc4 Qc8 15. e5 dxe5 16. Ncxe5 b6 17. Rfe1 Qb7 18. Nh4 Nxe5 19. Bxe5 e6 20. Qd4 Nh5 21. Bxg7 Nxg7 22. Qf6 Kg8 23. Re3 Nh5 24. Qe5 Rc8 25. g4 Rc5 26. Qd6 Rd5 27. Qb4 a5 28. Qe4 Ng7 29. Qf3 Bc6 30. Qg3 Rfd8 31. Ng2 R5d6 32. Nf4 Qe7 33. Ne2 Bb5 34. Nd4 Bxd3 35. Rexd3 Qd7 36. R3d2 Ne8 37. Qe3 Kh7 38. a3 Nc7 39. Nf5 gxf5 40. Rxd6 Qxd6 41. Rxd6 Rxd6 42. gxf5 Rd1+ 43. Kg2 Nd5 44. Qf3 1-0

[Event "Palanga Baltija op-A"]
[Site "Palanga"]
[Date "2014.06.17"]
[Round "2"]
[White "Aleksandrovskiy, Dmitriy"]
[Black "Saumanaite, Skaiste"]
[Result "1-0"]
[WhiteElo "2085"]
[BlackElo "1809"]
[PlyCount "57"]
[EventDate "2014.06.16"]
[EventType "swiss"]
[EventRounds "9"]
[EventCountry "LTU"]
[SourceTitle "CBM 161 Extra"]
[Source "ChessBase"]
[SourceDate "2014.08.29"]
[SourceVersion "1"]
[SourceVersionDate "2014.08.29"]
[SourceQuality "1"]

1. e4 c5 2. Nf3 e6 3. c4 Nc6 4. Nc3 d6 5. d4 cxd4 6. Nxd4 a6 7. Be3 Qc7 8. Rc1 Nf6 9. Be2 Be7 10. 0-0 0-0 11. Nd5 Qd8 12. Nxc6 bxc6 13. Bb6 Qd7 14. Nxe7+ Qxe7 15. c5 d5 16. e5 Nd7 17. Bc7 Qh4 18. f4 a5 19. Rc3 Re8 20. Rh3 Qe7 21. Bd6 Qd8 22. Bd3 g6 23. Rff3 Nf8 24. Rh6 Ra7 25. Qa4 Ba6 26. Bxa6 Rxa6 27. Rfh3 Qc8 28. f5 exf5 29. Rxh7 1-0

[Event "LTU-ch U16 Girls"]
[Site "Panevezys"]
[Date "2014.03.27"]
[Round "5"]
[White "Maciuityte, Greta"]
[Black "Saumanaite, Skaiste"]
[Result "0-1"]
[WhiteElo "1637"]
[BlackElo "1773"]
[PlyCount "106"]
[EventDate "2014.03.25"]
[EventType "swiss"]
[EventRounds "9"]
[EventCountry "LTU"]
[SourceTitle "EXT 2016"]
[Source "ChessBase"]
[SourceDate "2015.10.08"]
[SourceVersion "1"]
[SourceVersionDate "2015.10.08"]
[SourceQuality "1"]

1. e4 c6 2. d4 d5 3. e5 g6 4. f4 Bg7 5. Nf3 Bg4 6. h3 Bxf3 7. Qxf3 e6 8. Nd2 Nd7 9. Bd3 h5 10. g4 Qh4+ 11. Qf2 hxg4 12. Qxh4 Rxh4 13. Kf2 0-0-0 14. Kg3 Rxh3+ 15. Rxh3 gxh3 16. Kxh3 Ne7 17. Nf3 Ng8 18. Ng5 Nh6 19. b4 b6 20. a4 Nf8 21. Ba3 Nd7 22. Rc1 Bf8 23. c4 Kb7 24. c5 bxc5 25. dxc5 Be7 26. b5 Nxe5 27. fxe5 Bxg5 28. bxc6+ Kxc6 29. Bb5+ Kc7 30. Rd1 Ra8 31. Bb4 a5 32. Ba3 Nf5 33. c6 Rh8+ 34. Kg4 Bd8 35. Bc1 Rh4+ 36. Kf3 Nd4+ 37. Kg3 Nf5+ 38. Kf3 Rh3+ 39. Kg2 Rg3+ 40. Kh2 Bg5 41. Rf1 Bxc1 42. Rxf5 exf5 43. Kxg3 g5 44. Bd3 Bf4+ 45. Kf3 Bxe5 46. Bxf5 Kxc6 47. Kg4 f6 48. Bd3 Kc5 49. Kf3 Kd4 50. Ba6 f5 51. Be2 g4+ 52. Kf2 Kc3 53. Ke3 d4+ 0-1

[Event "LTU-ch sf (Women)"]
[Site "Vilnius"]
[Date "2014.02.20"]
[Round "4"]
[White "Maciuityte, Greta"]
[Black "Saumanaite, Skaiste"]
[Result "0-1"]
[WhiteElo "1626"]
[BlackElo "1775"]
[PlyCount "90"]
[EventDate "2014.02.17"]
[EventType "swiss"]
[EventRounds "7"]
[EventCountry "LTU"]
[SourceTitle "CBM 158 Extra"]
[Source "ChessBase"]
[SourceDate "2014.02.28"]
[SourceVersion "1"]
[SourceVersionDate "2014.02.28"]
[SourceQuality "1"]

1. e4 c5 2. Nf3 e6 3. d4 cxd4 4. Nxd4 a6 5. Nc3 d6 6. Be3 Nf6 7. Bd3 Qc7 8. 0-0 Nbd7 9. Qd2 Be7 10. h3 0-0 11. f4 b5 12. a3 Bb7 13. Rae1 Nb6 14. e5 Nfd5 15. Nxd5 Bxd5 16. exd6 Bxd6 17. b3 Nd7 18. Ra1 Nf6 19. Qe1 Rac8 20. a4 Qb7 21. axb5 axb5 22. Nxb5 Bc5 23. Rf2 Rfd8 24. Bxc5 Rxc5 25. c4 Bxg2 26. Bxh7+ Nxh7 27. Rxg2 Qb6 28. Kh1 Rh5 29. Qg3 g6 30. Rag1 Qb7 31. Kh2 Nf6 32. Qc3 Kg7 33. Nd4 Qe4 34. Ne2 Rdh8 35. Re1 Rxh3+ 36. Qxh3 Rxh3+ 37. Kxh3 Nh5 38. Kh2 Nxf4 39. Nxf4 Qxe1 40. Nh3 e5 41. Rg1 Qh4 42. Kg2 e4 43. Nf2 e3 44. Nd1 e2 45. Nf2 Qg5+ 0-1